书目信息 |
| 题名: |
山海经 穆天子传
|
|
| 作者: | 郭璞 注 | |
| 分册: | ||
| 出版信息: | 长沙 岳麓书社 1992.12 |
|
| 页数: | 412页 | |
| 开本: | 32开 | |
| 丛书名: | ||
| 单 册: | ||
| 中图分类: | K928.6 | |
| 科图分类: | ||
| 主题词: | 地理--中国 | |
| 电子资源: | ||
| ISBN: | 7-80520-325-3 | |
| 000 | 00547nam0 2200193 45 | |
| 001 | 0010231980 | |
| 005 | 20001116193012.5 | |
| 010 | @a7-80520-325-3@d14.00元 | |
| 100 | @a20001023d1992 km y0chiy0120 ea | |
| 101 | 0 | @achi |
| 105 | @a z 000yy | |
| 200 | 1 | @a山海经 穆天子传@AShan Hai Jing Mu Tian Zi Chuan@f(晋)郭璞注@F(Jin)Guo Pu Zhu |
| 210 | @a长沙@c岳麓书社@d1992.12 | |
| 215 | @a412页@d32开 | |
| 606 | 0 | @a地理@x中国 |
| 690 | @aK928.6@v3 | |
| 701 | 0 | @a郭璞@4注 |
| 801 | @aCN@bPftUser@c20001023 | |
| 905 | @dK928.6@eL.587@b410243-247@f5 | |
| 山海经 穆天子传/(晋)郭璞注.-长沙:岳麓书社,1992.12 |
| 412页;32开 |
| ISBN 7-80520-325-3:14.00元 |
| ● |
| 相关链接 |
|
|
|
正题名:山海经穆天子传
索取号:K928.6/L.587
 
预约/预借
| 序号 | 登录号 | 条形码 | 馆藏地/架位号 | 状态 | 备注 |
| 1 | 410243 | 204102434 | 自科二线404/400A自科库 53排1列5层/ [索取号:K928.6/L.587] | 在馆 | |
| 2 | 410244 | 204102443 | 自科二线404/400A自科库 53排1列5层/ [索取号:K928.6/L.587] | 在馆 | |
| 3 | 410245 | 204102452 | 社科库309/422社科库 47排3列5层/ [索取号:K928.6/L.587] | 在馆 | |
| 4 | 410246 | 204102461 | 社科库309/422社科库 47排3列5层/ [索取号:K928.6/L.587] | 在馆 | |
| 5 | 410247 | 204102470 | 社科库309/309社科库 16排4列2层/ [索取号:K928.6/L.587] | 在馆 |